Entrada Personal Name
Número de registros utilizados en: 1
001 - CONTROL NUMBER
- control field: 17822
003 - CONTROL NUMBER IDENTIFIER
- control field: DLC
005 - DATE AND TIME OF LATEST TRANSACTION
- control field: 20260205112350.0
008 - FIXED-LENGTH DATA ELEMENTS
- fixed length control field: 900611n| azannaabn |a aaa c
010 ## - LIBRARY OF CONGRESS CONTROL NUMBER
- LC control number: n 88290354
024 7# - OTHER STANDARD IDENTIFIER
- Standard number or code: 0000000121438376
- Source of number or code: isni
035 ## - SYSTEM CONTROL NUMBER
- System control number: (OCoLC)oca02758971
040 ## - CATALOGING SOURCE
- Original cataloging agency: IEN
- Language of cataloging: spa
- Description conventions: rda
- Transcribing agency: Mx-PuUPA
- Modifying agency: DLC
- Modifying agency: NjP
- Modifying agency: DLC
- Modifying agency: DNLM
- Modifying agency: NL-UtRU
- Modifying agency: Mx-PuUPA
046 ## - SPECIAL CODED DATES
- Birth date: 19540928
- Source of date scheme: edtf
100 1# - HEADING--PERSONAL NAME
- Personal name: Braidotti, Rosi,
- Dates associated with a name: 1954-
370 ## - ASSOCIATED PLACE
- Place of birth: Latisana (Italia)
- Other associated place: Utrecht (Países Bajos)
- Source of term: naf
372 ## - FIELD OF ACTIVITY
- Field of activity: Estudios de la mujer
- Source of term: lcsh
373 ## - ASSOCIATED GROUP
- Associated group: Universidad Estatal de Utrecht
- Associated group: Universidad de Utrecht
- Associated group: Universidad Nacional de Australia
- Source of term: naf
- Start period: 1988
374 ## - OCCUPATION
- Occupation: Profesora universitaria
- Source of term: lcsh
374 ## - OCCUPATION
- Occupation: Autora
- Source of term: lcsh
374 ## - OCCUPATION
- Occupation: Filósofa feminista
- Source of term: lcsh
374 ## - OCCUPATION
- Occupation: Miembros del profesorado universitario y de la facultad
- Source of term: lcdgt
375 ## - GENDER
- Gender: mujer
377 ## - ASSOCIATED LANGUAGE
- Language code: eng
400 1# - SEE FROM TRACING--PERSONAL NAME
- Personal name: Braidotti, R.
- Fuller form of name: (Rosi)
- Dates associated with a name: 1954-
670 ## - SOURCE DATA FOUND
- Source citation: L'Indépendance amoureuse, c1985:
- Information found: t.p. verso (Rosi Braidotti)
670 ## - SOURCE DATA FOUND
- Source citation: Women, the environment and sustainable development, c1994:
- Information found: CIP t.p (Rosi Braidotti) author info. sheet (b. 9-28-54)
670 ## - SOURCE DATA FOUND
- Source citation: Michel Foucault e il divenire donna, c1997:
- Information found: t.p. (R. Braidotti) p. 217 (Rosi Braidotti; directs the Dept. of Women's Studies at the Univ. of Utrecht)
670 ## - SOURCE DATA FOUND
- Source citation: Her La philosophie --là où on ne l'attend pas, c2009:
- Information found: t.p.(Rosi Braidotti) cover p. 4 (docteur en philosophie de l'Université Paris I, diplômée en philosophie de l'Australian National University et professeur honoraire au Birkbeck College de Londres)
670 ## - SOURCE DATA FOUND
- Source citation: Trasposizioni : sull'etica nomade, 2008:
- Information found: t.p. (Rosi Braidotti)
670 ## - SOURCE DATA FOUND
- Source citation: Wikipedia, viewed on July 6th, 2020
- Information found: (Rosi Braidotti (born 28 September 1954) is a contemporary philosopher and feminist theoretician. Braidotti, who holds Italian and Australian citizenship, was born in Italy and grew up in Australia, where she received degrees from the Australian National University in Canberra in 1977 and was awarded the University Medal in Philosophy and the University Tillyard prize. Braidotti then moved on to do her doctoral work at the Sorbonne, where she received her degree in philosophy in 1981. She has taught at the University of Utrecht in the Netherlands since 1988, when she was appointed as the founding professor in women's studies. In 1995 she became the founding Director of the Netherlands research school of Women's Studies, a position she held till 2005)
- Uniform Resource Identifier: https://en.wikipedia.org/wiki/Rosi_Braidotti
670 ## - SOURCE DATA FOUND
- Source citation: Catalogus professorum Academiae Rheno-Trajectinae, viewed on July 6th, 2020
- Information found: (Rosi Braidotti, born Sept. 28th, 1954, Latisana, Italy, professor at University Utrecht since July 1st, 1988)
- Uniform Resource Identifier: https://profs.library.uu.nl/index.php/profrec/getprofdata/283/1/1/0